000 00786cam a2200253 a 4500
001 17429180
005 20140319153813.0
008 120814t2012 xxubdk frb 001 0 eng d
020 _a9780314262684 (pbk.)
040 _aDLC
_cDLC
_dDLC
082 0 4 _222
_a341
_bMUR
100 1 _aMurphy, Sean D.
_935706
245 1 0 _aPrinciples of international law /
_cby Sean D. Murphy.
250 _a2nd ed.
260 _aSt. Paul, United States :
_bThomson Reuters,
_cc.2012.
300 _axxii, 575 p. :
_bcharts, forms, maps ;
_c24 cm.
490 0 _aConcise hornbook series
500 _aIndex : p. 557-575.
504 _aIncludes bibliographical references.
650 0 _aInternational law
_99620
653 _bBUSBOL
_cMarch2014
655 _vreading book
_934232
942 _2ddc
_k341 MUR
999 _c18131
_d18103